[Event "15th London Classic Open"]
[Site "London ENG"]
[Date "2025.11.30"]
[Round "5.10"]
[White "Rozen, Eytan"]
[Black "Harvey, Marcus R"]
[Result "1-0"]
[WhiteTitle "IM"]
[BlackTitle "IM"]
[WhiteElo "2515"]
[BlackElo "2438"]
[WhiteFideId "2816750"]
[BlackFideId "400092"]
[EventDate "2025.11.27"]

1. Nf3 d5 2. g3 Bg4 3. Bg2 c6 4. O-O e6 5. h3 Bxf3 6. Bxf3 Nf6 7. d4 Bd6 8. Nd2
Nbd7 9. e4 dxe4 10. Nxe4 Nxe4 11. Bxe4 Nf6 12. Bf3 O-O 13. c3 Re8 14. Kg2 Qc7
15. Bg5 Nd7 16. Qc2 h6 17. Be3 e5 18. dxe5 Nxe5 19. Be2 Nd7 20. Rad1 Rad8 21.
Bc4 Nb6 22. Bb3 Nd5 23. Bc1 Be5 24. Rfe1 Bf6 25. Rxe8+ Rxe8 26. Qd3 Qa5 27. h4
Rd8 28. Qf3 Be7 29. Qe4 Bf8 30. Re1 Nf6 31. Qf3 Qh5 32. Qxh5 Nxh5 33. Be3 b6 34.
Ba4 Rc8 35. Rd1 Nf6 36. Bb3 Be7 37. Kf3 Kf8 38. g4 Ke8 39. g5 hxg5 40. hxg5 Nh5
41. g6 fxg6 42. Bc2 Kf7 43. Rd7 Ke6 44. Rxa7 Rf8+ 45. Ke2 Bc5 46. Bxc5 bxc5 47.
Be4 Kd6 48. Ke3 Re8 49. f3 Ng3 50. Kf4 Nxe4 51. fxe4 g5+ 52. Ke3 Rg8 53. a4 Rb8
54. a5 Rxb2 55. a6 Ra2 56. Ra8 Kc7 57. e5 Ra1 58. Kf2 Kb6 59. e6 Ra2+ 60. Ke3
Ra1 61. Ke2 Ra2+ 62. Kf3 g4+ 63. Kxg4 Re2 64. Kf5 c4 65. a7 Rf2+ 66. Ke5 Re2+
67. Kd6 Rd2+ 68. Ke7 Rc2 69. Kf7 Rxc3 70. e7 Rf3+ 71. Kxg7 Re3 72. e8=Q Rxe8 73.
Rxe8 Kxa7 74. Kf6 Kb6 75. Ke5 Kc5 76. Ke4 Kb4 77. Ke3 1-0

[Event "15th London Classic Open"]
[Site "London ENG"]
[Date "2025.11.30"]
[Round "5.11"]
[White "Chasin, Nico"]
[Black "Greenfeld, Alon"]
[Result "1-0"]
[WhiteTitle "IM"]
[BlackTitle "GM"]
[WhiteElo "2512"]
[BlackElo "2465"]
[WhiteFideId "30908477"]
[BlackFideId "2800039"]
[EventDate "2025.11.27"]

1. e4 c5 2. Nf3 d6 3. d4 cxd4 4. Nxd4 Nf6 5. Nc3 Nc6 6. Bg5 e6 7. Qd2 Be7 8.
O-O-O a6 9. h4 Nxd4 10. Qxd4 h6 11. Be3 b5 12. f3 Bb7 13. g4 d5 14. e5 Nd7 15.
Rh3 Qc7 16. f4 b4 17. Ne2 Nc5 18. Kb1 Ne4 19. Bg2 O-O 20. Ng3 Rac8 21. Qd3 a5
22. Nxe4 dxe4 23. Qe2 a4 24. Bc1 Qc6 25. Re1 Rfd8 26. Bxe4 Qxe4 27. Qxe4 Bxe4
28. Rxe4 Rd1 29. g5 h5 30. a3 b3 31. Rh2 Ra8 32. Rc4 Kh7 33. cxb3 axb3 34. Rh3
Rb8 35. a4 Kg6 36. a5 Ra8 37. Ra4 Rd5 38. a6 Rb5 39. Be3 Kf5 40. a7 Rd5 41. Rd4
Bc5 42. Rxd5 Bxe3 43. Rd1 Bxa7 44. Rd7 Bf2 45. Rxf7+ Kg4 46. Rxb3 Bxh4 47. Rb4
Be1 48. Re4 Bg3 49. f5+ Kf3 50. Rc4 exf5 51. Rxf5+ Kg2 52. Rc2+ Kh3 53. e6 Re8
54. Re2 Kg4 55. Rf7 h4 56. g6 h3 57. Rxg7 Kf3 58. Rc2 Rxe6 59. Rf7+ Kg4 60. g7
Rg6 61. Rc6 Rg5 62. Rc4+ 1-0

[Event "15th London Classic Open"]
[Site "London ENG"]
[Date "2025.11.30"]
[Round "5.12"]
[White "Czopor, Maciej"]
[Black "Fernandez, Daniel Howard"]
[Result "0-1"]
[WhiteTitle "IM"]
[BlackTitle "GM"]
[WhiteElo "2463"]
[BlackElo "2501"]
[WhiteFideId "21805431"]
[BlackFideId "5801605"]
[EventDate "2025.11.27"]

1. e4 d6 2. d4 Nf6 3. Bd3 Bg4 4. Ne2 g6 5. f3 Bd7 6. Be3 Bg7 7. c4 c5 8. d5 e6
9. Nbc3 O-O 10. O-O Na6 11. g4 Nb4 12. Bb1 exd5 13. cxd5 b5 14. Ng3 Na6 15. g5
Ne8 16. Qd2 Nec7 17. f4 b4 18. Nce2 c4 19. e5 Bg4 20. Be4 Nb5 21. a4 bxa3 22.
bxa3 dxe5 23. f5 Re8 24. d6 Nd4 25. Bxa8 Qxa8 26. Nxd4 exd4 27. Bxd4 Qd5 28. f6
Bf8 29. Bc3 Qc6 30. Rf4 Bc8 31. Qg2 Qxd6 32. Rxc4 Qd3 33. Qf1 Qe3+ 34. Qf2 Qxg5
35. Re1 Rxe1+ 36. Qxe1 Be6 37. Re4 Qd5 38. Qd2 Qc6 39. Bb4 Nxb4 40. axb4 h5 41.
Rd4 Qb6 42. Kg2 Bc8 43. Qf4 Bb7+ 44. Kf1 a5 45. Nf5 Qb5+ 46. Kf2 Qxf5 47. Qxf5
gxf5 48. Rd7 Be4 49. bxa5 Bc5+ 50. Kg3 Be3 51. Re7 f4+ 52. Kh3 Bh1 53. a6 f3 54.
Rd7 Bf2 55. a7 Bg2# 0-1

[Event "15th London Classic Open"]
[Site "London ENG"]
[Date "2025.11.30"]
[Round "5.13"]
[White "Aizenberg, Benny"]
[Black "Ghasi, Ameet K"]
[Result "1/2-1/2"]
[WhiteTitle "IM"]
[BlackTitle "GM"]
[WhiteElo "2444"]
[BlackElo "2500"]
[WhiteFideId "2821125"]
[BlackFideId "409200"]
[EventDate "2025.11.27"]

1. e4 c6 2. d4 d5 3. Nd2 dxe4 4. Nxe4 Nf6 5. Nxf6+ exf6 6. c3 Bd6 7. Bd3 O-O 8.
Qc2 Re8+ 9. Ne2 h6 10. O-O Nd7 11. Bf4 Nf8 12. Bxd6 Qxd6 13. Ng3 Ne6 14. Rfe1
Bd7 15. Bh7+ Kh8 16. Bf5 b6 17. Re3 Rad8 18. Rae1 Qd5 19. Qb3 Qxb3 20. axb3 g6
21. Bc2 f5 22. Nf1 Kg7 23. b4 f4 24. Re5 Nc7 25. Nd2 Rxe5 26. Rxe5 Nd5 27. Kf1
Be6 28. Re1 Rd7 29. Nf3 Rc7 30. Ra1 g5 31. Ke1 Ne7 32. g3 fxg3 33. fxg3 Bd5 34.
Kf2 f6 35. Nd2 Nc8 36. Nf1 Nd6 37. Ne3 Be6 38. Rd1 Nc4 39. Nxc4 Bxc4 40. Re1 Kf8
41. Be4 Kg7 42. Bc2 Kf8 1/2-1/2

[Event "15th London Classic Open"]
[Site "London ENG"]
[Date "2025.11.30"]
[Round "5.14"]
[White "Kraemer, Martin"]
[Black "Tulchynskyi, Feliks"]
[Result "1-0"]
[WhiteTitle "GM"]
[BlackTitle "IM"]
[WhiteElo "2571"]
[BlackElo "2409"]
[WhiteFideId "4671910"]
[BlackFideId "34127895"]
[EventDate "2025.11.27"]

1. e4 e5 2. Nf3 Nc6 3. Bb5 a6 4. Ba4 Nf6 5. O-O Be7 6. Re1 b5 7. Bb3 O-O 8. a4
Bb7 9. d3 d6 10. Nbd2 Nd7 11. c3 Nc5 12. axb5 axb5 13. Rxa8 Bxa8 14. Bc2 Ne6 15.
Nf1 Ng5 16. Bb3 Nxf3+ 17. Qxf3 Bg5 18. Bxg5 Qxg5 19. Ra1 Qf4 20. Qxf4 exf4 21.
Bd5 Bb7 22. Nd2 Ra8 23. Rxa8+ Bxa8 24. Nb1 Bb7 25. Na3 b4 26. Nb5 bxc3 27. bxc3
Nd8 28. Nxc7 Bxd5 29. exd5 Nb7 30. Kf1 Kf8 31. Ke2 g5 32. d4 Ke7 33. Kd3 Na5 34.
Nb5 f5 35. c4 Nb7 36. Kc3 g4 37. Kb4 h5 38. f3 h4 39. h3 Nd8 40. c5 Nf7 41. c6
Ng5 42. c7 Kd7 43. Ka5 gxf3 44. gxf3 Nxf3 45. Kb6 1-0

[Event "15th London Classic Open"]
[Site "London ENG"]
[Date "2025.11.30"]
[Round "5.15"]
[White "Kanov, Nikola"]
[Black "Mikhalevski, Victor"]
[Result "0-1"]
[WhiteTitle "IM"]
[BlackTitle "GM"]
[WhiteElo "2418"]
[BlackElo "2504"]
[WhiteFideId "2928531"]
[BlackFideId "2801914"]
[EventDate "2025.11.27"]

1. e4 e5 2. Nf3 Nc6 3. Bc4 Bc5 4. O-O Nf6 5. d3 d6 6. c3 O-O 7. Re1 a5 8. h3 Ba7
9. Bg5 h6 10. Bh4 g5 11. Bg3 Nh5 12. Bh2 g4 13. hxg4 Bxg4 14. Nbd2 Kh8 15. Nf1
f5 16. exf5 Rxf5 17. Bd5 Nf6 18. Ng3 Nxd5 19. Nxf5 Bxf5 20. d4 exd4 21. Qb3 Qg8
22. Qxb7 Bd7 23. Qb3 Rf8 24. cxd4 Bg4 25. Nh4 Nxd4 26. Qd3 Nf3+ 27. gxf3 Bf5+ 0-1

[Event "15th London Classic Open"]
[Site "London ENG"]
[Date "2025.11.30"]
[Round "5.16"]
[White "Grieve, Harry"]
[Black "Bhagat Kush"]
[Result "1-0"]
[WhiteTitle "IM"]
[BlackTitle "FM"]
[WhiteElo "2491"]
[BlackElo "2381"]
[WhiteFideId "426520"]
[BlackFideId "46672940"]
[EventDate "2025.11.27"]

1. e4 c5 2. Nf3 d6 3. d4 cxd4 4. Nxd4 Nf6 5. Nc3 Nc6 6. Bg5 e6 7. Qd2 a6 8.
O-O-O Bd7 9. Kb1 Nxd4 10. Qxd4 Be7 11. f3 Qc7 12. Qd2 b5 13. h4 h6 14. Be3 h5
15. Bd3 b4 16. Ne2 a5 17. Bg5 Qb7 18. c4 e5 19. Ng3 Rc8 20. Nf5 Bxf5 21. exf5
Nd7 22. Be4 Qc7 23. Rc1 Bf6 24. Be3 Nc5 25. Bd5 Qd7 26. g4 a4 27. Bxc5 dxc5 28.
g5 Bd8 29. Qd3 O-O 30. Qe4 Kh8 31. Rcd1 Qe7 32. f6 Qc7 33. fxg7+ Kxg7 34. Qf5 1-0

[Event "15th London Classic Open"]
[Site "London ENG"]
[Date "2025.11.30"]
[Round "5.17"]
[White "Bazakutsa, Svyatoslav"]
[Black "Kanyamarala, Tarun"]
[Result "1/2-1/2"]
[WhiteTitle "IM"]
[BlackTitle "IM"]
[WhiteElo "2478"]
[BlackElo "2376"]
[WhiteFideId "14198525"]
[BlackFideId "45004714"]
[EventDate "2025.11.27"]

1. d4 Nf6 2. c4 e6 3. Nc3 Bb4 4. e3 O-O 5. Bd3 d5 6. Nf3 dxc4 7. Bxc4 c5 8. O-O
Nc6 9. a3 Ba5 10. h3 h6 11. Qd3 cxd4 12. exd4 Bc7 13. Re1 Ne7 14. Bd2 b6 15.
Rad1 Bb7 16. Bc1 Nfd5 17. Ne5 Nf5 18. Bb3 Rc8 19. Ba2 Bb8 20. Bb1 Nxc3 21. bxc3
Qd5 22. Qf1 Qb3 23. Bxf5 exf5 24. Nd7 Rfd8 25. Nxb8 Rxb8 26. Bf4 Rbc8 27. Re7
Be4 28. Bc7 Re8 29. Rxe8+ Rxe8 30. c4 Rc8 31. Bg3 Qxc4 32. Qxc4 Rxc4 33. d5 f4
34. Bxf4 Bxd5 35. Bb8 1/2-1/2

[Event "15th London Classic Open"]
[Site "London ENG"]
[Date "2025.11.30"]
[Round "5.18"]
[White "Magold, Filip"]
[Black "Willems, Niels"]
[Result "0-1"]
[WhiteTitle "IM"]
[BlackTitle "FM"]
[WhiteElo "2465"]
[BlackElo "2368"]
[WhiteFideId "1254456"]
[BlackFideId "20695586"]
[EventDate "2025.11.27"]

1. e4 e5 2. Nf3 Nc6 3. Bb5 a6 4. Ba4 Nf6 5. d3 b5 6. Bb3 Bc5 7. Nc3 h6 8. Nd5 d6
9. c3 Be6 10. O-O Bxd5 11. exd5 Ne7 12. Nh4 Qd7 13. Be3 O-O 14. Qf3 Bxe3 15.
fxe3 Qg4 16. Qxg4 Nxg4 17. e4 g5 18. Nf3 f5 19. exf5 Nxf5 20. Rfe1 Kg7 21. Rac1
a5 22. c4 a4 23. Bd1 Nge3 24. Nd2 Nxd1 25. Rexd1 bxc4 26. Rxc4 Rf7 27. Re1 Ra5
28. Nf3 a3 29. bxa3 Rxa3 30. d4 exd4 31. Nxd4 Nxd4 32. Rxd4 Rxa2 33. h4 Rff2 34.
Rg4 Kf6 35. hxg5+ hxg5 36. Re8 Rf5 37. Re6+ Kf7 38. Rge4 Rxd5 39. Re7+ Kg6 40.
Rxc7 Kf5 41. Re3 Re5 42. Rd3 d5 43. Rd7 Ke4 44. Rg3 Rd2 45. Rg7 Kf4 46. Kh2 d4
47. Rf7+ Ke4 48. Ra7 Rd3 49. Rg4+ Kf5 50. Rg3 Ke4 51. Rg4+ Ke3 52. Ra1 Rd5 53.
Rc1 Rc3 54. Rf1 d3 55. Kg1 Kd2 56. Ra4 Kc2 57. Raa1 d2 58. Ra2+ Kb3 59. Raa1 Kb2
60. Rfb1+ Kc2 61. Rd1 Rf5 62. Kh2 Kd3 63. Ra2 Rc2 64. Ra8 Rd5 65. Raa1 Ke2 66.
g3 Rdc5 67. Rg1 Rc1 68. Rg2+ Ke3 0-1

[Event "15th London Classic Open"]
[Site "London ENG"]
[Date "2025.11.30"]
[Round "5.19"]
[White "Gasanov, Eldar"]
[Black "Li, Guohao"]
[Result "1-0"]
[WhiteTitle "GM"]
[WhiteElo "2447"]
[BlackElo "2348"]
[WhiteFideId "14104466"]
[BlackFideId "8619999"]
[EventDate "2025.11.27"]

1. Nf3 d5 2. g3 Nf6 3. Bg2 c6 4. d3 Bg4 5. h3 Bxf3 6. exf3 e6 7. f4 Nbd7 8. Nd2
Bd6 9. Nf3 O-O 10. O-O Re8 11. Re1 e5 12. fxe5 Nxe5 13. Nxe5 Rxe5 14. Rxe5 Bxe5
15. c3 Qd7 16. Bd2 Re8 17. Qf3 Bc7 18. Re1 Rxe1+ 19. Bxe1 Qe6 20. Kf1 Nd7 21.
Qe2 Qxe2+ 22. Kxe2 Kf8 23. c4 dxc4 24. dxc4 Ke7 25. f4 h5 26. Kf3 f5 27. Bf1 g6
28. Bd2 Bb6 29. b4 Bd4 30. c5 a5 31. bxa5 Nxc5 32. Bc4 Ne4 33. Be1 Nc3 34. a3
Nd5 35. a6 bxa6 36. Bxa6 Kd6 37. Bc4 Kc5 38. Bb3 Kb5 39. Bd2 Bb2 40. a4+ Kc5 41.
Ke2 Bf6 42. a5 h4 43. gxh4 Bxh4 44. Kd3 Bf6 45. Bc4 Bg7 46. Bb3 Bf6 47. a6 Kb6
48. Bxd5 cxd5 49. Bc3 Bd8 50. Ba5+ 1-0

[Event "15th London Classic Open"]
[Site "London ENG"]
[Date "2025.11.30"]
[Round "5.20"]
[White "Kovchan, Alexander"]
[Black "Houska, Jovanka"]
[Result "1-0"]
[WhiteTitle "GM"]
[BlackTitle "IM"]
[WhiteElo "2440"]
[BlackElo "2320"]
[WhiteFideId "14103052"]
[BlackFideId "405094"]
[EventDate "2025.11.27"]

1. e4 c6 2. d4 d5 3. e5 Bf5 4. Nf3 e6 5. Be2 Nd7 6. O-O Bg6 7. a4 a5 8. Na3 Nh6
9. c3 Be7 10. Nc2 O-O 11. Bd3 c5 12. Bxh6 gxh6 13. Ne3 cxd4 14. cxd4 Nb8 15. Qe2
Nc6 16. Rad1 Rc8 17. g3 Nb4 18. Bb5 Kh8 19. Ne1 h5 20. h4 Rg8 21. N3g2 Qf8 22.
Qe3 Qg7 23. Kh2 Rc7 24. Be2 Rgc8 25. Nf4 Bf8 26. Bxh5 Qh6 27. Bxg6 hxg6 28. Nf3
Nc2 29. Qe2 Be7 30. Kg2 Kg8 31. Rh1 Nb4 32. Rd2 Rc4 33. Nh2 Qf8 34. Ng4 Qd8 35.
Ne3 R4c6 36. Qg4 Kf8 37. h5 g5 38. h6 Kg8 39. Rh5 Kh7 40. Nh3 Qh8 41. Nxg5+ Bxg5
42. Qxg5 Qg8 43. Ng4 Qg6 44. Nf6+ 1-0

[Event "15th London Classic Open"]
[Site "London ENG"]
[Date "2025.11.30"]
[Round "5.21"]
[White "Siva, Mahadevan"]
[Black "Vijayakumar, Rishi"]
[Result "1-0"]
[WhiteTitle "IM"]
[BlackTitle "FM"]
[WhiteElo "2424"]
[BlackElo "2300"]
[WhiteFideId "25043153"]
[BlackFideId "2408953"]
[EventDate "2025.11.27"]

1. d4 Nf6 2. c4 e6 3. Nc3 d5 4. g3 c5 5. cxd5 cxd4 6. Qa4+ Qd7 7. Qxd4 Nc6 8.
Qd1 exd5 9. e3 Bc5 10. Nge2 O-O 11. Bg2 Rd8 12. O-O Qe8 13. Nb5 Bb6 14. h3 Bf5
15. b3 Qe5 16. Nbd4 Be4 17. f3 Bg6 18. f4 Qe7 19. f5 Bh5 20. g4 Bxg4 21. hxg4
Nxg4 22. Rf3 Qh4 23. Bh3 Nce5 24. Rg3 Nf6 25. Bg2 Ne4 26. Bxe4 dxe4 27. Kg2 Nf3
28. Qh1 Qf6 29. Bb2 Nh4+ 30. Kg1 Bc7 31. Rg4 Nf3+ 32. Kg2 Nh2 33. Rxe4 Rxd4 34.
Nxd4 Rd8 35. Rg1 Qa6 36. a4 Qd3 37. Kh3 Qd2 38. Qg2 1-0

[Event "15th London Classic Open"]
[Site "London ENG"]
[Date "2025.11.30"]
[Round "5.22"]
[White "Hanache, Kai"]
[Black "Conquest, Stuart C"]
[Result "0-1"]
[BlackTitle "GM"]
[WhiteElo "2122"]
[BlackElo "2521"]
[WhiteFideId "490105"]
[BlackFideId "400181"]
[EventDate "2025.11.27"]

1. e4 c5 2. Nf3 Nc6 3. Bb5 e6 4. O-O Nge7 5. c3 a6 6. Bxc6 Nxc6 7. d4 d5 8. exd5
Qxd5 9. dxc5 Qxc5 10. Bf4 Be7 11. Nbd2 O-O 12. Re1 b5 13. Ne4 Qf5 14. Bd6 Rd8
15. Nd4 Qd5 16. Bxe7 Nxe7 17. Qg4 Ng6 18. Ng3 Bb7 19. Nf3 Rac8 20. Ne2 e5 21. b3
f6 22. h4 Qd7 23. Qg3 Qf5 24. Rad1 Bxf3 25. gxf3 Qh5 26. Qh3 Kh8 27. Rd3 Qxh4
28. Qe6 Qg5+ 29. Kf1 h5 30. Red1 Re8 31. Qxa6 h4 32. Qxb5 h3 33. Ng3 Nf4 34. Kg1
Nxd3 35. Rxd3 f5 36. Qd7 Rcd8 37. Qf7 f4 38. Rxd8 Rxd8 39. Qh5+ Qxh5 40. Nxh5
Rd3 41. c4 Rxf3 42. c5 h2+ 43. Kxh2 Rxf2+ 44. Kh3 Rxa2 45. Kg4 Kh7 46. b4 Rc2
47. Kg5 Rc4 0-1

[Event "15th London Classic Open"]
[Site "London ENG"]
[Date "2025.11.30"]
[Round "5.23"]
[White "Wells, Peter K"]
[Black "Tica, Sven"]
[Result "1-0"]
[WhiteTitle "GM"]
[BlackTitle "IM"]
[WhiteElo "2321"]
[BlackElo "2441"]
[WhiteFideId "400327"]
[BlackFideId "14526948"]
[EventDate "2025.11.27"]

1. Nf3 g6 2. d4 Bg7 3. c4 d6 4. Nc3 Nd7 5. g3 e5 6. Bg2 Ne7 7. h4 h6 8. dxe5
dxe5 9. h5 g5 10. e4 Nc5 11. Qxd8+ Kxd8 12. Be3 Na6 13. O-O-O+ Ke8 14. Nb5 Bg4
15. Rd2 Nc6 16. Ne1 Bf8 17. Nc2 Rd8 18. Rxd8+ Kxd8 19. f3 Be6 20. Bh3 Nc5 21.
Rd1+ Kc8 22. Bf5 Bxf5 23. exf5 g4 24. fxg4 Ne4 25. Nc3 Nxc3 26. bxc3 Na5 27. g5
Nxc4 28. g6 Bg7 29. f6 Bxf6 30. Rf1 Bd8 31. Rxf7 Nd6 32. Rf1 Kd7 33. Bxh6 Ne8
34. g7 Nxg7 35. Bxg7 Rxh5 36. Bf6 Bxf6 37. Rxf6 Rh2 38. g4 Rg2 39. Ne3 Rxa2 40.
g5 Ra1+ 41. Kd2 Rg1 42. g6 c6 43. Nf5 a5 44. g7 1-0

[Event "15th London Classic Open"]
[Site "London ENG"]
[Date "2025.11.30"]
[Round "5.24"]
[White "Schmider, Niklas"]
[Black "Haydon, David L"]
[Result "1-0"]
[WhiteTitle "IM"]
[BlackTitle "FM"]
[WhiteElo "2423"]
[BlackElo "2284"]
[WhiteFideId "12993778"]
[BlackFideId "415405"]
[EventDate "2025.11.27"]

1. e4 e5 2. Nf3 Nc6 3. Bb5 a6 4. Ba4 Nf6 5. O-O Nxe4 6. d4 b5 7. Bb3 d5 8. dxe5
Be6 9. Qe2 Be7 10. Rd1 Qd7 11. c4 bxc4 12. Bxc4 Bc5 13. Be3 Bxe3 14. Qxe3 O-O
15. Nc3 Nxc3 16. Qxc3 Ne7 17. Be2 Bg4 18. Rac1 c6 19. h3 Bxf3 20. Bxf3 f6 21.
Bg4 Qa7 22. Rd2 fxe5 23. Qxe5 Rf6 24. g3 Raf8 25. Rcc2 Ng6 26. Qe1 Kh8 27. Re2
d4 28. Rcd2 c5 29. Re4 R6f7 30. h4 Ne7 31. Bh5 g6 32. Be2 Nf5 33. Re6 d3 34. Bg4
Nd4 35. Qe5+ Kg8 36. h5 gxh5 37. Qxh5 c4 38. Qd5 Ne2+ 39. Rexe2 dxe2 40. Rxe2
Kh8 41. Qe5+ Rg7 42. Be6 Re8 43. Qf6 Qe7 44. Bxc4 Qd7 45. Rxe8+ Qxe8 46. Bxa6
Qg6 47. Qxg6 hxg6 48. a4 Rd7 49. Bc4 Rd2 50. b3 g5 51. a5 Rb2 52. a6 Rc2 53. Bd5
Ra2 54. Bb7 1-0

[Event "15th London Classic Open"]
[Site "London ENG"]
[Date "2025.11.30"]
[Round "5.25"]
[White "Badacsonyi, Stanley"]
[Black "Brunner, Nicolas"]
[Result "0-1"]
[WhiteTitle "FM"]
[BlackTitle "IM"]
[WhiteElo "2316"]
[BlackElo "2420"]
[WhiteFideId "486973"]
[BlackFideId "620246"]
[EventDate "2025.11.27"]

1. d4 Nf6 2. c4 e6 3. Nc3 Bb4 4. e3 O-O 5. Bd2 d5 6. Nf3 b6 7. cxd5 exd5 8. Rc1
Bb7 9. Bd3 Be7 10. O-O c5 11. Ne5 Nc6 12. Ne2 c4 13. Bb1 b5 14. Ng3 a5 15. f4
Ra6 16. Qf3 Bb4 17. Be1 Bxe1 18. Rcxe1 Ne7 19. h4 Nc8 20. h5 Nd6 21. h6 g6 22.
f5 g5 23. Nh5 Nxh5 24. f6 Nxf6 25. Qxf6 Qxf6 26. Rxf6 Bc8 27. Nf3 Ne4 28. Rxa6
Bxa6 29. Bxe4 dxe4 30. Nxg5 f5 31. g4 Bb7 32. Ne6 Rf6 33. gxf5 Rxf5 34. Re2 Rf6
35. Rg2+ Rg6 36. Rxg6+ hxg6 37. Ng5 b4 38. Kf2 a4 39. Ke2 b3 40. axb3 c3 41. Kd1
cxb2 42. Kc2 a3 43. h7+ Kh8 44. Nf7+ Kxh7 45. Nd6 Bd5 46. Nb5 Bxb3+ 47. Kb1 g5
48. Nxa3 g4 49. Nb5 g3 50. Nc3 Bc4 51. Nxe4 Bd3+ 0-1

[Event "15th London Classic Open"]
[Site "London ENG"]
[Date "2025.11.30"]
[Round "5.26"]
[White "Efroimski, Marsel"]
[Black "Noy, Eyal"]
[Result "1-0"]
[WhiteTitle "IM"]
[BlackTitle "FM"]
[WhiteElo "2384"]
[BlackElo "2275"]
[WhiteFideId "2810964"]
[BlackFideId "2821117"]
[EventDate "2025.11.27"]

1. e4 e5 2. Nf3 Nc6 3. Bb5 a6 4. Ba4 b5 5. Bb3 Na5 6. d4 exd4 7. O-O Bb7 8. Re1
Be7 9. Qxd4 Nf6 10. e5 Nxb3 11. axb3 Nd5 12. Qg4 g6 13. Bh6 Bf8 14. Bxf8 Rxf8
15. Qe4 Bc6 16. Nd4 Qc8 17. Nxc6 dxc6 18. c4 bxc4 19. bxc4 Nb4 20. Nc3 Qf5 21.
Qe3 Nd3 22. Red1 Nf4 23. Ne4 Rh8 24. Ng3 Qg5 25. Qc5 Rc8 26. Rxa6 Ne6 27. Qxc6+
Kf8 28. Ra5 Kg7 29. Qe4 Rb8 30. h4 Qf4 31. Qxf4 Nxf4 32. Rd2 Rb4 33. Rc5 Ne6 34.
Rc6 Ra8 35. Ne4 Ra5 36. Rd5 Ra1+ 37. Kh2 Rxb2 38. Rd7 Re1 39. Rxe6 Rxe4 40. Rf6
Rxh4+ 41. Kg3 Rxc4 42. Rfxf7+ Kh6 43. f4 Rb3+ 44. Kg4 1-0

[Event "15th London Classic Open"]
[Site "London ENG"]
[Date "2025.11.30"]
[Round "5.27"]
[White "Sammed Jaykumar, Shete"]
[Black "Khoo-Thwe, Louis"]
[Result "0-1"]
[WhiteTitle "IM"]
[BlackTitle "CM"]
[WhiteElo "2377"]
[BlackElo "2225"]
[WhiteFideId "5073421"]
[BlackFideId "1538756"]
[EventDate "2025.11.27"]

1. Nf3 d5 2. g3 Nf6 3. Bg2 g6 4. O-O Bg7 5. d3 O-O 6. Nbd2 c5 7. e4 Nc6 8. c3 e5
9. exd5 Nxd5 10. Re1 Re8 11. Nc4 Bf5 12. Ng5 Nb6 13. Ne4 Nxc4 14. dxc4 Bxe4 15.
Bxe4 Qc7 16. Be3 f5 17. Bd5+ Kh8 18. Bxc5 e4 19. f4 Ne5 20. Bf2 Nf3+ 21. Kg2
Nxe1+ 22. Bxe1 Rad8 23. Qb3 Qc5 24. a4 b6 25. Bf2 e3 26. Bg1 a6 27. Re1 b5 28.
axb5 axb5 29. Bf7 Rd2+ 30. Kh3 g5 31. fxg5 Qc6 32. Bd5 Qg6 33. Bf3 Qxg5 34. Re2
f4 35. cxb5 Rxe2 36. Bxe2 f3 0-1

[Event "15th London Classic Open"]
[Site "London ENG"]
[Date "2025.11.30"]
[Round "5.28"]
[White "Gallana, Marco"]
[Black "Korshunov, Sergey And."]
[Result "1/2-1/2"]
[BlackTitle "FM"]
[WhiteElo "2225"]
[BlackElo "2377"]
[WhiteFideId "824542"]
[BlackFideId "34274715"]
[EventDate "2025.11.27"]

1. d4 Nf6 2. Nf3 e6 3. c4 d5 4. g3 dxc4 5. Bg2 Nc6 6. Qa4 Bb4+ 7. Bd2 Nd5 8.
Bxb4 Nxb4 9. O-O Rb8 10. Na3 O-O 11. Qb5 b6 12. Qxc4 Ba6 13. Nb5 Qd5 14. Qxd5
Nxd5 15. a4 Na5 16. Ne5 Rfd8 17. Bxd5 Bxb5 18. axb5 Rxd5 19. b4 Nb3 20. Rxa7
Nxd4 21. Nc6 Nxc6 22. bxc6 Rc8 23. Rfa1 Kf8 24. e4 Rd4 25. e5 g5 26. Ra8 Rxa8
27. Rxa8+ Kg7 28. Rc8 Rxb4 29. Rxc7 Rc4 30. h3 h5 31. Kf1 Kg6 32. Kg2 Rc3 33. g4
h4 34. Rc8 Kg7 35. c7 Kh7 36. Kf1 b5 37. Rb8 Rxc7 38. Rxb5 Rc3 39. Kg2 Rd3 40.
Ra5 Kg7 41. Rb5 Kg6 42. Rb2 Rd5 43. Re2 Ra5 44. Kf3 Kg7 45. Re3 Kf8 46. Ke4 Ra4+
47. Kf3 Rf4+ 48. Kg2 Ke7 49. Ra3 Rd4 50. Kf3 Rd7 51. Ke4 Rb7 52. Rd3 Rb4+ 53.
Rd4 Rb2 54. Ke3 Rb1 55. Rd3 Re1+ 56. Kd4 Re2 57. Rf3 Kf8 58. Rf6 Kg7 59. Rf3 Ra2
60. Ke4 Kf8 61. Kd4 Ke7 62. Kc5 Ra5+ 63. Kd4 Ra4+ 64. Kc5 Re4 65. Re3 Rf4 66. f3
Ra4 67. Rb3 Ra2 68. Kd4 Rg2 69. f4 Rg3 70. Rb7+ Kf8 71. f5 exf5 1/2-1/2

[Event "15th London Classic Open"]
[Site "London ENG"]
[Date "2025.11.30"]
[Round "5.29"]
[White "Flear, Glenn C"]
[Black "Li, Harry"]
[Result "1/2-1/2"]
[WhiteTitle "GM"]
[WhiteElo "2376"]
[BlackElo "2206"]
[WhiteFideId "400165"]
[BlackFideId "430145"]
[EventDate "2025.11.27"]

1. d4 d5 2. c4 e6 3. Nc3 Nf6 4. cxd5 exd5 5. Bg5 Bb4 6. e3 h6 7. Bh4 g5 8. Bg3
Ne4 9. Qc2 h5 10. Be5 f6 11. f3 Nxc3 12. bxc3 fxe5 13. cxb4 exd4 14. Qg6+ Kf8
15. exd4 Nc6 16. Kf2 Nxd4 17. Bd3 Be6 18. Nh3 Bxh3 19. gxh3 Qd6 20. Qxd6+ cxd6
21. Rac1 Nc6 22. b5 Ne5 23. Rhd1 Ke7 24. Rc7+ Ke6 25. Rxb7 Rhf8 26. Be2 g4 27.
hxg4 hxg4 28. Rd4 gxf3 29. Bf1 Nd7 30. Bh3+ Ke5 31. Rh4 Nc5 32. Re7+ Kf6 33.
Reh7 Ne4+ 34. Ke3 Rae8 35. Kd4 Nf2 36. R4h6+ Kg5 37. Rh5+ Kf4 38. Rh4+ Kg5 39.
R4h5+ Kf4 40. Rh4+ 1/2-1/2